Statistics for Rihanna Discography

Click here to take the quiz!

General Stats

  • This quiz has been taken 9 times
  • The average score is 5 of 15

Answer Stats

HintAnswer% Correct
2016Anti
75%
2007Good Girl Gone Bad
75%
2005Music of the sun
75%
2006A Girl Like Me
63%
2010Loud
63%
2009Rated R
63%
2011Talk That Talk
63%
2011Coffret 4 CD
0%
2009Good Girl Gone Bad: The Remixes
0%
2013Greatest Hits
0%
2008Hotness
0%
2010Rated R: Remixed
0%
2009Rihanna 3CD Collector's Set
0%
2023Super Bowl
0%
2005This is Rihanna
0%

Score Distribution

Percentile by Number Answered

Percent of People with Each Score

Your Score History

You have not taken this quiz